000 00291nam a22001337a 4500
008 170621b xxu||||| |||| 00| 0 eng d
020 _a0849904048
041 _aeng
080 _a32
100 _a20
101 _aSHP
245 _aWOMEN/ BEYOND EQUAL RIGHTS
_cJEPSEN, D
942 _2udc
_cBK
999 _c18550
_d18550